| 000 | 01359nam a22003611i 4500 | ||
|---|---|---|---|
| 001 | ebr10790425 | ||
| 003 | CaPaEBR | ||
| 006 | m o d | ||
| 007 | cr cn||||||||| | ||
| 008 | 131204s2014 enka ob 001 0 eng d | ||
| 020 | _a9781780231259 (e-book) | ||
| 020 | _z9781780230894 | ||
| 040 |
_aCaPaEBR _beng _erda _epn _cCaPaEBR |
||
| 035 | _a(OCoLC)872702877 | ||
| 050 | 1 | 4 |
_aQL737.C432 _bR38 2014eb |
| 100 | 1 | _aRauch, Alan. | |
| 245 | 1 | 0 |
_aDolphin / _cAlan Rauch. |
| 264 | 1 |
_aLondon : _bReaktion Books, _c2014. |
|
| 300 |
_a1 online resource (209 pages) : _billustrations. |
||
| 336 |
_atext _2rdacontent |
||
| 337 |
_acomputer _2rdamedia |
||
| 338 |
_aonline resource _2rdacarrier |
||
| 490 | 1 | _aAnimal | |
| 504 | _aIncludes bibliographcial references and index. | ||
| 588 | _aDescription based on online resource; title from PDF title page (ebrary, viewed December 4, 2013). | ||
| 590 | _aElectronic reproduction. Palo Alto, Calif. : ebrary, 2013. Available via World Wide Web. Access may be limited to ebrary affiliated libraries. | ||
| 650 | 0 | _aDolphins. | |
| 650 | 0 | _aHuman-animal relationships. | |
| 655 | 0 | _aElectronic books. | |
| 797 | 2 | _aebrary. | |
| 830 | 0 | _aAnimal (Reaktion Books) | |
| 856 | 4 | 0 |
_uhttp://site.ebrary.com/lib/rucke/Doc?id=10790425 _zAn electronic book accessible through the World Wide Web; click to view |
| 999 |
_c137959 _d137959 |
||